00169nam a2200073Ia 4500008004100000082000800041100002400049245002200073240331s9999 xx 000 0 und d bNAM aNamboodripad, E.M.S 0aVethankalin naadu